| 000 | 01032cam a2200325 a 4500 | ||
|---|---|---|---|
| 001 | 57668 | ||
| 003 | CO-BoRNBP | ||
| 005 | 20250718163748.0 | ||
| 007 | ta | ||
| 008 | 890805s1979 ck a r 00010 spa d | ||
| 020 | _a8482750259 | ||
| 040 |
_aCO-BoBLA _bspa _cCO-BoBLA |
||
| 041 | 0 | _aspa | |
| 082 | 0 | 4 |
_a384 _bR65c _219 ed. |
| 100 | 1 |
_aRomero Aponte, José Vicente. _961250 |
|
| 245 | 1 | 4 |
_aLas comunicaciones / _cJosé V. Romero Aponte ; ilustraciones Jorge E. Muñoz Cárdenas. |
| 250 | _a1a. edición | ||
| 300 |
_a127 p. : _bil. ; _c18 cm. |
||
| 336 |
_2rdacontent _atexto _btxt |
||
| 337 |
_2rdamedia _asin mediación _bn |
||
| 338 |
_2rdacarrier _avolumen _bnc |
||
| 490 | 1 |
_aColección alegria ; _v22 |
|
| 504 | _aIncluye bibliografía. | ||
| 650 | 7 |
_aMedios de comunicación de masas. _2BLAAUTO _920553 |
|
| 650 | 7 |
_aComunicaciones. _2BLAAUTO _911681 |
|
| 700 | 1 |
_aMuñoz Cárdenas, Jorge E., _eil. _961251 |
|
| 830 | 0 |
_aArchivo Acción Cultural Popular (ACPO) _961252 |
|
| 942 |
_2ddc _cBK |
||
| 949 |
_an _bn |
||
| 999 |
_c57668 _d57668 |
||